[Event "TCh-ESP Div 1 2015"]
[Site "Linares ESP"]
[Date "2015.08.11"]
[Round "4.4"]
[Board "1"]
[White "Montoliu Cervero, Francisco"]
[Black "Vassallo Barroche, Mauricio"]
[Result "1-0"]
[WhiteTitle "FM"]
[BlackTitle "IM"]
[WhiteElo "2338"]
[BlackElo "2430"]
[WhiteTeam "C.A. Eva-Manises"]
[BlackTeam "C.E. Barberá"]
[WhiteFideId "2214814"]
[BlackFideId "101648"]
[EventDate "2015.08.08"]

1. e4 d6 2. d4 Nf6 3. Nc3 e5 4. Nf3 exd4 5. Nxd4 Be7 6. Be2 O-O 7. O-O Re8 8.
Re1 Bf8 9. Bf1 Nc6 10. Bg5 Be7 11. Nxc6 bxc6 12. e5 dxe5 13. Rxe5 Qxd1 14. Rxd1
Be6 15. Ree1 Rab8 16. b3 Bf5 17. Bd3 Bxd3 18. Rxd3 Bb4 19. Rxe8+ Rxe8 20. f3
Bxc3 21. Rxc3 Nd5 22. Rxc6 f6 23. Rc5 c6 24. Bh4 Re2 25. Rxc6 Ne3 26. Bf2 Nxc2
27. Bxa7 Nb4 28. Rc8+ Kf7 29. a3 Nd3 30. h4 Ra2 31. Rd8 Nf4 32. Rd7+ Kg8 33. Be3
Ne2+ 34. Kh2 Rxa3 35. Rd3 h5 36. Bd2 Ra2 37. Be3 Ra1 38. Rd2 Nc1 39. Rd8+ Kf7
40. b4 Ne2 41. Rd2 1-0

[Event "TCh-ESP Div 1 2015"]
[Site "Linares ESP"]
[Date "2015.08.11"]
[Round "4.4"]
[Board "2"]
[White "Alonso Moyano, Jonathan"]
[Black "Silva Rodriguez, Fernando"]
[Result "1-0"]
[WhiteTitle "IM"]
[WhiteElo "2406"]
[BlackElo "2305"]
[WhiteTeam "C.E. Barberá"]
[BlackTeam "C.A. Eva-Manises"]
[WhiteFideId "2216019"]
[BlackFideId "2215268"]
[EventDate "2015.08.08"]

1. e4 e5 2. Nf3 Nc6 3. d4 exd4 4. Nxd4 Bc5 5. Nxc6 Qf6 6. Qd2 dxc6 7. Nc3 Be6 8.
Na4 Bd4 9. c3 Bb6 10. Bd3 O-O-O 11. Nxb6+ axb6 12. Qe3 Qg6 13. O-O f5 14. exf5
Bxf5 15. Bxf5+ Qxf5 16. Qg5 Qf7 17. c4 Nf6 18. b3 b5 19. Qc5 bxc4 20. bxc4 Nd7
21. Qa7 Qxc4 22. Bg5 Rde8 23. Rfc1 Qa6 24. Qxa6 bxa6 25. Rxc6 Nb8 26. Rc4 Rhf8
27. Rac1 Rf7 28. Be3 Re6 29. g4 Kd8 30. Kg2 h6 31. h4 Kc8 32. h5 Kb7 33. R1c3
Rfe7 34. Bf4 Nc6 35. Re3 Ne5 36. Rce4 Nd3 37. Kf3 Rxe4 38. Rxe4 Ne1+ 39. Ke3
Ng2+ 40. Kd4 c5+ 41. Kd5 Nxf4+ 42. Rxf4 Kb6 43. a4 Rd7+ 44. Kc4 Rd1 45. f3 Ra1
46. Kb3 Rb1+ 47. Kc2 Ra1 48. Rf7 Rxa4 49. Rxg7 Rf4 50. Rg6+ Kb5 51. Rxh6 Rxf3
52. g5 Rg3 53. Rg6 Kc4 54. h6 Rg2+ 55. Kd1 Rh2 56. Rxa6 Rh5 57. Ra4+ Kd3 58.
Ra3+ Ke4 59. Rg3 Rh1+ 60. Ke2 Kf4 61. Rg2 Ra1 62. h7 Ra2+ 63. Kf1 Ra1+ 64. Kf2
Ra8 65. g6 1-0

[Event "TCh-ESP Div 1 2015"]
[Site "Linares ESP"]
[Date "2015.08.11"]
[Round "4.4"]
[Board "3"]
[White "Silva Rodriguez, Julio"]
[Black "Perez Manas, Benjamin"]
[Result "1/2-1/2"]
[BlackTitle "FM"]
[WhiteElo "2235"]
[BlackElo "2321"]
[WhiteTeam "C.A. Eva-Manises"]
[BlackTeam "C.E. Barberá"]
[WhiteFideId "2215284"]
[BlackFideId "22200169"]
[EventDate "2015.08.08"]

1. e4 e5 2. Nf3 Nc6 3. d4 exd4 4. Nxd4 Nf6 5. Nc3 Bb4 6. Nxc6 bxc6 7. Bd3 d5 8.
exd5 cxd5 9. O-O O-O 10. h3 c6 11. Qf3 Re8 12. Bf4 Be6 13. Ne2 Bd6 14. Rfe1 c5
15. c3 Rb8 16. b3 h6 17. Rad1 a5 18. Bc2 Rb7 19. c4 Rd7 20. Bxd6 Rxd6 21. cxd5
Bxd5 22. Qc3 Rde6 23. Nf4 Rxe1+ 24. Rxe1 Rxe1+ 25. Qxe1 Bc6 26. Qe3 Qd6 27. Nd3
Be4 28. Ne1 Bxc2 29. Nxc2 Qd1+ 30. Ne1 Qb1 31. Kh2 Qxa2 32. Qxc5 g6 33. Qb6 Kg7
34. Nf3 g5 35. Qe3 Qb2 36. Nd4 Qb1 37. Qe5 Qe4 38. Nf5+ Kg6 39. Ne7+ Kg7 40.
Nf5+ Kf8 41. Qxe4 Ng8 42. Qe8+ Kxe8 1/2-1/2

[Event "TCh-ESP Div 1 2015"]
[Site "Linares ESP"]
[Date "2015.08.11"]
[Round "4.4"]
[Board "4"]
[White "Martinez Ramirez, Erik"]
[Black "Ballester Llagaria, Luis Eduardo"]
[Result "1/2-1/2"]
[WhiteTitle "FM"]
[WhiteElo "2311"]
[BlackElo "2258"]
[WhiteTeam "C.E. Barberá"]
[BlackTeam "C.A. Eva-Manises"]
[WhiteFideId "22202366"]
[BlackFideId "2297620"]
[EventDate "2015.08.08"]

1. e4 e6 2. Nf3 d5 3. Nc3 Nf6 4. e5 Nfd7 5. d4 c5 6. dxc5 Nc6 7. Bf4 h6 8. h4
Bxc5 9. Bd3 O-O 10. Qe2 f6 11. exf6 Qxf6 12. Bg3 Nd4 13. Nxd4 Bxd4 14. Nb5 Bxb2
15. Rb1 Bc3+ 16. Kf1 Ba5 17. Bd6 Rf7 18. Bc7 a6 19. Bxa5 axb5 20. Rxb5 b6 21.
Be1 Rxa2 22. Rh3 Ra4 23. h5 Re7 24. Kg1 Bb7 25. Bb4 Re8 26. Bg6 Rc8 27. Bc3 d4
28. Rb4 Rxb4 29. Bxb4 Nc5 30. Qb5 Rf8 31. Qe2 Ra8 32. Ra3 Rxa3 33. Bxa3 d3 34.
Qe3 Qa1+ 35. Bc1 dxc2 36. Bxc2 Qa2 37. Bg6 Qd5 38. f3 Nb3 39. Bb2 Qc5 40. Kf2
Ba6 41. Ba3 Qxe3+ 42. Kxe3 Nc5 43. Kd4 Kf8 44. Bxc5+ 1/2-1/2

[Event "TCh-ESP Div 1 2015"]
[Site "Linares ESP"]
[Date "2015.08.12"]
[Round "5.1"]
[Board "1"]
[White "Vassallo Barroche, Mauricio"]
[Black "Oliva Castaneda, Kevel"]
[Result "0-1"]
[WhiteTitle "IM"]
[BlackTitle "IM"]
[WhiteElo "2430"]
[BlackElo "2488"]
[WhiteTeam "C.E. Barberá"]
[BlackTeam "C.A. Silla-López Instalaciones"]
[WhiteFideId "101648"]
[BlackFideId "3500799"]
[EventDate "2015.08.08"]

1. Nf3 c5 2. c4 Nc6 3. Nc3 g6 4. e3 Bg7 5. d4 d6 6. d5 Na5 7. Bd3 Nf6 8. O-O O-O
9. e4 a6 10. Bg5 Rb8 11. Re1 b5 12. b3 bxc4 13. bxc4 Bg4 14. Rc1 Nd7 15. Nb1 Ne5
16. Be2 Bxf3 17. gxf3 f5 18. Bd2 f4 19. Kh1 Nb7 20. Rg1 Qd7 21. Bf1 Nd8 22. Bc3
Ndf7 23. Nd2 h6 24. Rb1 g5 25. Rb3 Ng6 26. e5 Nfxe5 27. Qb1 Rxb3 28. axb3 Nh4
29. Bxe5 Bxe5 30. Qd3 Kg7 31. Rg4 Rb8 32. Bh3 Qe8 33. Rg1 Bd4 34. Ne4 Ng6 35.
Nxg5 hxg5 36. Rxg5 Bf6 37. Rg1 Kh6 38. Qf5 Qf7 39. Bf1 Rxb3 40. h4 Rxf3 0-1

[Event "TCh-ESP Div 1 2015"]
[Site "Linares ESP"]
[Date "2015.08.12"]
[Round "5.1"]
[Board "2"]
[White "Granero Roca, Antonio"]
[Black "Alonso Moyano, Jonathan"]
[Result "1-0"]
[WhiteTitle "IM"]
[BlackTitle "IM"]
[WhiteElo "2397"]
[BlackElo "2406"]
[WhiteTeam "C.A. Silla-López Instalaciones"]
[BlackTeam "C.E. Barberá"]
[WhiteFideId "2210509"]
[BlackFideId "2216019"]
[EventDate "2015.08.08"]

1. d4 d5 2. c4 c6 3. Nf3 Nf6 4. Nc3 dxc4 5. a4 Bf5 6. e3 e6 7. Bxc4 Bb4 8. O-O
O-O 9. Qe2 Bg6 10. Ne5 Nbd7 11. Nxg6 hxg6 12. Rd1 Nb6 13. Bb3 Nbd5 14. Na2 Be7
15. e4 Nb4 16. Nc3 a5 17. Be3 Qd7 18. Qf3 Rfd8 19. h4 Qe8 20. Rac1 Rac8 21. Bc4
Qf8 22. g3 c5 23. d5 e5 24. Nb5 b6 25. Kg2 Bd6 26. Bg5 Nh5 27. Bxd8 Rxd8 28. Qe3
Qe7 29. Be2 Kf8 30. Na3 Rb8 31. Nc4 Nf6 32. Rh1 Ke8 33. h5 gxh5 34. Bxh5 Kd7 35.
Be2 Kc7 36. g4 Rg8 37. g5 Nd7 38. Bg4 Nf8 39. Bf5 g6 40. Bg4 f6 41. gxf6 Qxf6
42. Na3 Kb7 43. Rh3 Qe7 44. Nb5 Na6 45. Qh6 Nc7 46. Nxc7 Kxc7 47. Rcc3 Rg7 48.
Rcf3 Nh7 49. Rfg3 Ng5 50. Qh8 Qf8 51. Qxf8 Bxf8 52. Rh8 Bd6 53. f3 Nf7 54. Rc8+
Kb7 55. Rc6 Bc7 56. Re6 Nd6 57. b3 c4 58. bxc4 Nxc4 59. Bf5 g5 60. Rh3 b5 61.
axb5 a4 62. Ra6 a3 63. Rh8 Ba5 64. Rha8 a2 65. Rxa5 1-0

[Event "TCh-ESP Div 1 2015"]
[Site "Linares ESP"]
[Date "2015.08.12"]
[Round "5.1"]
[Board "3"]
[White "Perez Manas, Benjamin"]
[Black "Perdiguero Duenas, Jose"]
[Result "1/2-1/2"]
[WhiteTitle "FM"]
[WhiteElo "2321"]
[BlackElo "2201"]
[WhiteTeam "C.E. Barberá"]
[BlackTeam "C.A. Silla-López Instalaciones"]
[WhiteFideId "22200169"]
[BlackFideId "2216760"]
[EventDate "2015.08.08"]

1. e4 e6 2. d4 d5 3. Nd2 a6 4. e5 c5 5. Ndf3 Nc6 6. c3 cxd4 7. cxd4 Bb4+ 8. Bd2
Qa5 9. Ne2 Bxd2+ 10. Qxd2 Qxd2+ 11. Kxd2 Nge7 12. Ng3 Bd7 13. Bd3 O-O 14. Rac1
Rac8 15. Rc3 Rfd8 16. Ne2 Nb4 17. Bb1 b5 18. Nc1 Rxc3 19. Kxc3 Nbc6 20. b4 Rc8
21. Kb3 a5 22. a3 axb4 23. axb4 Ra8 24. Na2 Nc8 25. Nc3 Nb6 26. Bd3 Nc4 27. Nxb5
Rb8 28. Bxc4 Nxb4 29. Kxb4 dxc4 30. Kc3 Rxb5 31. Ra1 Bc6 32. Nd2 Bxg2 33. f3 Rb8
34. Kxc4 Rc8+ 35. Kd3 Bh3 36. Nc4 Bf5+ 37. Ke3 Rb8 38. Nd6 Bg6 39. f4 Rb3+ 40.
Kd2 h6 41. f5 exf5 42. Rf1 Rh3 43. d5 f4 44. Nc8 Rxh2+ 45. Kd1 Kf8 46. Rxf4 Rh5
47. Nb6 Ke8 48. e6 fxe6 49. d6 Rb5 50. d7+ Ke7 51. Rf8 Rb1+ 52. Kd2 Rb2+ 53. Kd1
Rb1+ 54. Kd2 Rb2+ 55. Kc3 Rc2+ 56. Kb4 Rd2 57. Rg8 Bf7 58. Rxg7 Kf6 59. Rh7 h5
60. Kc5 Ke7 61. Kc6 Rc2+ 62. Kb7 Rd2 63. Nc8+ Kd8 64. Nb6 Ke7 65. Nc8+ Kd8 66.
Nb6 Ke7 1/2-1/2

[Event "TCh-ESP Div 1 2015"]
[Site "Linares ESP"]
[Date "2015.08.12"]
[Round "5.1"]
[Board "4"]
[White "Aquino, Jose Rodolfo"]
[Black "Martinez Ramirez, Erik"]
[Result "1/2-1/2"]
[BlackTitle "FM"]
[WhiteElo "2180"]
[BlackElo "2311"]
[WhiteTeam "C.A. Silla-López Instalaciones"]
[BlackTeam "C.E. Barberá"]
[WhiteFideId "2287048"]
[BlackFideId "22202366"]
[EventDate "2015.08.08"]

1. e4 c5 2. Nf3 g6 3. c4 Nc6 4. d4 cxd4 5. Nxd4 Bh6 6. Nxc6 dxc6 7. Qxd8+ Kxd8
8. Nc3 e5 9. Be2 f6 10. O-O Bxc1 11. Raxc1 Nh6 12. Na4 Nf7 13. b4 Ng5 14. f4 Ne6
15. fxe5 fxe5 16. Nc5 Nxc5 17. bxc5 Be6 18. Rb1 Rb8 19. Rb2 Kc7 20. Rf6 Rhe8 21.
Rd2 Rbd8 22. Rxd8 Kxd8 23. Rf1 Kc7 24. Rd1 Rf8 25. h3 Rf4 26. Bd3 b6 27. Rb1 Rf8
28. Rb3 Rd8 29. Kf2 b5 30. Be2 Rd2 31. Ke3 Rxe2+ 32. Kxe2 Bxc4+ 33. Kd2 Bxb3 34.
axb3 a5 35. b4 g5 36. bxa5 Kb7 37. Kc3 Ka6 38. Kb4 h5 39. g3 Kb7 1/2-1/2

[Event "TCh-ESP Div 1 2015"]
[Site "Linares ESP"]
[Date "2015.08.12"]
[Round "5.2"]
[Board "1"]
[White "Iturrizaga Bonelli, Eduardo"]
[Black "Montoliu Cervero, Francisco"]
[Result "1-0"]
[WhiteTitle "GM"]
[BlackTitle "FM"]
[WhiteElo "2625"]
[BlackElo "2338"]
[WhiteTeam "Equigoma-Casa Social Católica"]
[BlackTeam "C.A. Eva-Manises"]
[WhiteFideId "3901211"]
[BlackFideId "2214814"]
[EventDate "2015.08.08"]

1. c4 e6 2. Nf3 d5 3. g3 Nf6 4. Bg2 Be7 5. O-O dxc4 6. Na3 O-O 7. Qc2 c5 8. Ne5
Nbd7 9. Nexc4 a6 10. Rd1 Ra7 11. d4 cxd4 12. Rxd4 Bc5 13. Rd1 Ng4 14. e3 b5 15.
Nd6 Rc7 16. Qe2 Ngf6 17. Nxc8 Qxc8 18. Nc2 Nb6 19. Bd2 Rd7 20. Rac1 Nc4 21. Bc3
Rxd1+ 22. Rxd1 Rd8 23. Nd4 Nd5 24. Be1 Ne7 25. b3 Bxd4 26. bxc4 Bb6 27. Rxd8+
Qxd8 28. cxb5 a5 29. Qd2 Qc7 30. a4 f6 31. Qc3 Qd6 32. Bd2 Kf7 33. Kf1 Nd5 34.
Qb3 Nc7 35. Ke2 h6 36. Qc2 Nd5 37. h4 Ne7 38. Qc4 Qe5 39. Bc3 Qd6 40. Be4 Nd5
41. Bd4 Ne7 42. Bc3 Nd5 43. Bd2 Ne7 44. Bc2 Qd7 45. Bb3 Nf5 46. Bc1 Nd6 47. Qd3
Qc7 48. Ba3 Nb7 49. Qe4 Nd8 50. Bc4 Bc5 51. Bb2 Qd7 52. f4 Bb4 53. Bd4 Kf8 54.
g4 Qc8 55. Bb6 Qd7 56. Bd4 Qc8 57. Kd3 Qd7 58. Kc2 Qc7 59. Kb3 Qd6 60. Kc2 Qc7
61. Kd3 Qd7 62. g5 hxg5 63. hxg5 f5 64. Qh1 Ke8 65. Qh5+ Qf7 66. Qh8+ Bf8 67.
Bc5 g6 68. Qxf8+ Qxf8 69. Bxf8 Kxf8 70. Kd4 1-0

[Event "TCh-ESP Div 1 2015"]
[Site "Linares ESP"]
[Date "2015.08.12"]
[Round "5.2"]
[Board "2"]
[White "Silva Rodriguez, Fernando"]
[Black "Arizmendi Martinez, Julen Luis"]
[Result "0-1"]
[BlackTitle "GM"]
[WhiteElo "2305"]
[BlackElo "2529"]
[WhiteTeam "C.A. Eva-Manises"]
[BlackTeam "Equigoma-Casa Social Católica"]
[WhiteFideId "2215268"]
[BlackFideId "2205092"]
[EventDate "2015.08.08"]

1. d4 d6 2. Nf3 Nf6 3. c4 g6 4. Nc3 Nbd7 5. e4 e5 6. d5 Nc5 7. Qc2 a5 8. h3 Nh5
9. g3 Bg7 10. Be3 O-O 11. Be2 f5 12. O-O-O Nxe4 13. Nxe4 fxe4 14. Nd2 Nf4 15.
Nxe4 Nxe2+ 16. Qxe2 a4 17. g4 b6 18. Kb1 h6 19. Qd2 Kh7 20. Rdg1 Qh4 21. Qc2 Bd7
22. Rg3 Rf7 23. a3 Raf8 24. Ka2 Rf3 25. Rhg1 Qe7 26. Nd2 Rxg3 27. Rxg3 b5 28. c5
Qf7 29. Qe4 Bc6 30. Ka1 Qxd5 31. Qxd5 Bxd5 32. cxd6 cxd6 33. Bb6 Rc8 34. Kb1 Bb7
35. Rd3 d5 36. Rf3 Kg8 0-1

[Event "TCh-ESP Div 1 2015"]
[Site "Linares ESP"]
[Date "2015.08.12"]
[Round "5.2"]
[Board "3"]
[White "Castellanos Rodriguez, Renier"]
[Black "Ballester Llagaria, Luis Eduardo"]
[Result "1-0"]
[WhiteTitle "IM"]
[WhiteElo "2468"]
[BlackElo "2258"]
[WhiteTeam "Equigoma-Casa Social Católica"]
[BlackTeam "C.A. Eva-Manises"]
[WhiteFideId "3404650"]
[BlackFideId "2297620"]
[EventDate "2015.08.08"]

1. Nf3 d5 2. b3 Nf6 3. Bb2 Bf5 4. e3 h6 5. Be2 e6 6. d3 Nbd7 7. Nbd2 Be7 8. a3
Bh7 9. h3 c5 10. c4 a6 11. cxd5 Nxd5 12. O-O Bf6 13. Qc2 Bxb2 14. Qxb2 Qf6 15.
Qxf6 N5xf6 16. Rfc1 Ke7 17. Ra2 Rac8 18. Rac2 Rc6 19. Nc4 Rhc8 20. e4 Ne8 21.
Nfd2 b6 22. f4 Nc7 23. Nf3 Nb5 24. Kf2 f6 25. a4 Nd6 26. Ke3 b5 27. Nxd6 Kxd6
28. axb5 axb5 29. d4 cxd4+ 30. Nxd4 Rxc2 31. Rxc2 Rxc2 32. Nxc2 Nc5 33. b4 Nxe4
34. Bd3 Kd5 35. Na3 g5 36. g3 gxf4+ 37. gxf4 e5 38. Nxb5 exf4+ 39. Kxf4 f5 40.
h4 Bg6 41. Bf1 Nf6 42. Nc3+ Kd4 43. Ne2+ Kd5 44. Ng3 Ke6 45. Bc4+ Kd7 46. Nxf5
Nh5+ 47. Ke5 Be8 48. Bb5+ Kd8 49. Bxe8 Kxe8 50. Nxh6 Kd7 51. Nf5 Kc6 52. Nd4+
Kd7 53. Ke4 1-0

[Event "TCh-ESP Div 1 2015"]
[Site "Linares ESP"]
[Date "2015.08.12"]
[Round "5.2"]
[Board "4"]
[White "Nieves Cabanes, Javier"]
[Black "Corral Blanco, Juan Antonio"]
[Result "1/2-1/2"]
[BlackTitle "FM"]
[WhiteElo "2152"]
[BlackElo "2432"]
[WhiteTeam "C.A. Eva-Manises"]
[BlackTeam "Equigoma-Casa Social Católica"]
[WhiteFideId "22245707"]
[BlackFideId "2200368"]
[EventDate "2015.08.08"]

1. e4 c5 2. Nf3 e6 3. d4 cxd4 4. Nxd4 Nc6 5. Nc3 Qc7 6. Be3 a6 7. Qd2 Nf6 8. f4
Bb4 9. Bd3 d6 10. a3 Bc5 11. Nxc6 Bxe3 12. Qxe3 bxc6 13. O-O Qa7 14. Qxa7 Rxa7
15. e5 dxe5 16. fxe5 Nd7 17. Rae1 Ke7 18. a4 a5 19. b3 h6 20. Nb1 Nc5 21. Be4
Ba6 22. Rf3 Nxe4 23. Rxe4 Rd8 24. Re1 c5 25. Rc3 Rd5 26. Rg3 Kf8 27. c4 Rd4 28.
Nc3 Rad7 29. Ne4 Rc7 30. Rge3 Bb7 31. Nd6 Rd2 32. R1e2 Rxe2 33. Rxe2 Bc6 34. Kf2
Ke7 35. Nb5 Rd7 36. Nd6 Rd8 37. Ne4 Bxe4 38. Rxe4 Rd3 39. Re3 Rxe3 40. Kxe3 h5
41. Kf4 f6 42. g3 Kf7 43. Ke4 Kf8 44. Kf4 Ke7 45. Ke4 g5 46. h3 Kf7 47. exf6
Kxf6 48. g4 hxg4 49. hxg4 Kf7 50. Ke3 Ke7 51. Kd3 Kd7 52. Ke4 1/2-1/2

[Event "TCh-ESP Div 1 2015"]
[Site "Linares ESP"]
[Date "2015.08.12"]
[Round "5.3"]
[Board "1"]
[White "Pena Gomez, Manuel"]
[Black "Alshameary Puente, Ismael"]
[Result "1-0"]
[WhiteTitle "IM"]
[BlackTitle "FM"]
[WhiteElo "2462"]
[BlackElo "2370"]
[WhiteTeam "C.A. Universidad de Vigo"]
[BlackTeam "C.A. Alekhine-Espartinas"]
[WhiteFideId "2252813"]
[BlackFideId "2225166"]
[EventDate "2015.08.08"]

1. e4 c5 2. Nf3 d6 3. d4 cxd4 4. Nxd4 Nf6 5. Nc3 a6 6. Be3 e5 7. Nf3 Be7 8. Bc4
O-O 9. O-O Be6 10. Bb3 b5 11. Qd3 Nc6 12. Rfd1 Qc8 13. Bg5 Bg4 14. Bxf6 Bxf6 15.
Nd5 Bd8 16. c3 Na5 17. h3 Be6 18. Nd2 Nb7 19. Ne3 g6 20. Bxe6 fxe6 21. b4 Bh4
22. Nf3 Be7 23. a4 Qc6 24. axb5 axb5 25. Rxa8 Rxa8 26. Nxe5 dxe5 27. Qd7 Qxd7
28. Rxd7 Nc5 29. Rxe7 Kf8 30. Rxh7 Ra1+ 31. Kh2 Nxe4 32. c4 bxc4 33. Nxc4 Rb1
34. Nxe5 Kg8 35. Rb7 Nxf2 36. Nxg6 Nd3 37. b5 Nc5 38. Rb8+ Kg7 39. Ne5 Kf6 40.
Nc4 Rb4 41. Na5 Nd7 42. Nc6 Rb1 43. Rd8 Nb6 44. Rf8+ Kg5 45. Nd4 e5 46. Rf5+ 1-0

[Event "TCh-ESP Div 1 2015"]
[Site "Linares ESP"]
[Date "2015.08.12"]
[Round "5.3"]
[Board "2"]
[White "Santos Ruiz, Miguel"]
[Black "Paramos Dominguez, Roberto"]
[Result "1-0"]
[WhiteTitle "FM"]
[BlackTitle "IM"]
[WhiteElo "2341"]
[BlackElo "2398"]
[WhiteTeam "C.A. Alekhine-Espartinas"]
[BlackTeam "C.A. Universidad de Vigo"]
[WhiteFideId "22291482"]
[BlackFideId "2202565"]
[EventDate "2015.08.08"]

1. e4 c5 2. Nf3 e6 3. d4 cxd4 4. Nxd4 Nf6 5. Nc3 d6 6. Be3 Be7 7. g4 h6 8. Bg2
Nc6 9. h3 d5 10. exd5 exd5 11. O-O O-O 12. Nb3 Be6 13. a3 Ne5 14. Bd4 Nc4 15.
Rb1 h5 16. g5 Nh7 17. f4 Qd7 18. Qxh5 Rad8 19. Rf2 Rfe8 20. f5 Bxf5 21. Bxd5
Nxg5 22. Bxc4 Nxh3+ 23. Kf1 Bg5 24. Qxf7+ Qxf7 25. Bxf7+ Kxf7 26. Rxf5+ Kg6 27.
Rf3 Nf4 28. Be3 Rf8 29. Bxf4 Bxf4 30. Ne2 Be5 31. Rxf8 Rxf8+ 32. Kg2 b6 33. c3
Rh8 34. Nbd4 Rh2+ 35. Kf3 Kf6 36. Rg1 g5 37. Rg2 Rh4 38. Nc6 Bd6 39. Nxa7 Kf5
40. Nd4+ Kg6 41. Nab5 Be5 42. Ne2 Rh1 43. Rg1 Rh3+ 44. Ke4 Bh2 45. Rg2 Rh4+ 46.
Kd5 g4 47. Nbd4 Kf6 48. Ke4 Bc7 49. Nf5 Rh1 50. Ne3 1-0

[Event "TCh-ESP Div 1 2015"]
[Site "Linares ESP"]
[Date "2015.08.12"]
[Round "5.3"]
[Board "3"]
[White "Garcia Castro, Pablo"]
[Black "Gutierrez Valero, Mario"]
[Result "1/2-1/2"]
[WhiteTitle "IM"]
[WhiteElo "2375"]
[BlackElo "2271"]
[WhiteTeam "C.A. Universidad de Vigo"]
[BlackTeam "C.A. Alekhine-Espartinas"]
[WhiteFideId "2209365"]
[BlackFideId "2243695"]
[EventDate "2015.08.08"]

1. e4 c5 2. Nc3 Nc6 3. d3 g6 4. g3 Bg7 5. Bg2 d6 6. f4 Nf6 7. Nf3 Bg4 8. h3 Bxf3
9. Qxf3 Nd7 10. O-O O-O 11. Nd5 e6 12. Ne3 f5 13. c3 Rb8 14. a4 a6 15. Re1 Qc7
16. Bd2 fxe4 17. Qg4 Rbe8 18. dxe4 Na5 19. Rad1 Nb3 20. Qe2 Nb6 21. Nc4 Nxc4 22.
Qxc4 Na5 23. Qa2 b5 24. Be3 Nc4 25. Bf2 Kh8 26. Re2 e5 27. f5 gxf5 28. exf5 Rxf5
29. axb5 axb5 30. Qa6 Ref8 31. Qxb5 Qf7 32. Bd5 Qf6 33. Rf1 Ne3 34. Rxe3 Rxf2
35. Rf3 Rxf3 36. Rxf3 Qg6 37. Qxc5 dxc5 38. Rxf8+ Bxf8 1/2-1/2

[Event "TCh-ESP Div 1 2015"]
[Site "Linares ESP"]
[Date "2015.08.12"]
[Round "5.3"]
[Board "4"]
[White "Perez Garcia, Roberto"]
[Black "Senlle Caride, Miguel"]
[Result "1/2-1/2"]
[BlackTitle "FM"]
[WhiteElo "2128"]
[BlackElo "2320"]
[WhiteTeam "C.A. Alekhine-Espartinas"]
[BlackTeam "C.A. Universidad de Vigo"]
[WhiteFideId "2217708"]
[BlackFideId "2282500"]
[EventDate "2015.08.08"]

1. Nf3 c5 2. c4 Nc6 3. d4 cxd4 4. Nxd4 g6 5. g3 Bg7 6. Nc2 d6 7. Bg2 Be6 8. Ne3
Qd7 9. Qa4 Nf6 10. Nc3 Bh3 11. Bxh3 Qxh3 12. Ncd5 O-O 13. Nf4 Qd7 14. O-O Ne4
15. Qc2 Nc5 16. Bd2 Nd4 17. Qd1 Ne4 18. Be1 b5 19. Rc1 Rfc8 20. b3 bxc4 21. Rxc4
Rxc4 22. Nxc4 d5 23. Ne3 e6 24. f3 Nd6 25. Bf2 Nc6 26. Nc2 a5 27. Qd2 a4 28. Nb4
axb3 29. axb3 Na5 30. Rb1 Nb5 31. Na2 Na3 32. Rd1 Nxb3 33. Qb4 Qa4 34. Qxa4 Rxa4
35. e4 d4 36. Nd3 Nc4 37. Nab4 Ne3 38. Rb1 Nd2 39. Rc1 Nxf3+ 40. Kh1 Ra8 41. Nc6
Ng5 42. e5 Ne4 43. Bg1 Nd5 44. Bxd4 Bf8 45. Nf2 Nxf2+ 46. Bxf2 Rc8 47. Rc2 Bg7
48. Bd4 Kh8 49. Nb4 Rxc2 50. Nxc2 Ne7 51. Nb4 Nf5 52. Bc3 Ne3 53. Kg1 h5 54. Nc6
g5 55. Bd2 Nc4 56. Bc3 Kh7 57. h3 Bf8 58. Kf2 g4 59. hxg4 hxg4 60. Ke2 Kg6 61.
Kd3 Nb6 62. Ke4 Nd5 63. Bd4 Ba3 64. Nd8 Bb4 65. Bf2 Nc3+ 66. Kf4 Nd1 67. Bd4 Be7
68. Nc6 Bg5+ 69. Ke4 1/2-1/2

[Event "TCh-ESP Div 1 2015"]
[Site "Linares ESP"]
[Date "2015.08.12"]
[Round "5.4"]
[Board "1"]
[White "Adla, Diego"]
[Black "Baklan, Vladimir"]
[Result "1/2-1/2"]
[WhiteTitle "IM"]
[BlackTitle "GM"]
[WhiteElo "2437"]
[BlackElo "2608"]
[WhiteTeam "C.A. Stadium Casablanca"]
[BlackTeam "C.A. Jaime Casas"]
[WhiteFideId "100072"]
[BlackFideId "14102196"]
[EventDate "2015.08.08"]

1. d4 Nf6 2. c4 e6 3. Nf3 b6 4. e3 Bb7 5. Bd3 c5 6. O-O g6 7. Nc3 Bg7 8. d5 O-O
9. e4 d6 10. Bg5 Nbd7 11. Re1 a6 12. Rb1 Qc7 13. Bf1 h6 14. Be3 Rae8 15. Nd2
exd5 16. exd5 Bc8 17. h3 Ne5 18. f4 Ned7 19. Qf3 Nh7 20. Bf2 f5 21. Rxe8 Rxe8
22. Re1 Qd8 23. Rxe8+ Qxe8 24. Nd1 Nhf6 25. Bd3 Nf8 26. b3 Bd7 27. a4 N8h7 28.
Ne3 h5 29. Nef1 Bh6 30. Qe3 Kf7 31. Qxe8+ Bxe8 32. Be3 h4 33. Kf2 Nh5 34. Kf3
Kf6 35. g4 hxg3 36. Nxg3 Nxg3 37. Kxg3 Ke7 38. Nf3 Nf6 39. Ng5 Nh5+ 40. Kf3 Kf6 1/2-1/2

[Event "TCh-ESP Div 1 2015"]
[Site "Linares ESP"]
[Date "2015.08.12"]
[Round "5.4"]
[Board "2"]
[White "Forcen Esteban, Daniel"]
[Black "Glavina, Pablo"]
[Result "1-0"]
[WhiteTitle "IM"]
[BlackTitle "IM"]
[WhiteElo "2543"]
[BlackElo "2387"]
[WhiteTeam "C.A. Jaime Casas"]
[BlackTeam "C.A. Stadium Casablanca"]
[WhiteFideId "2288230"]
[BlackFideId "100234"]
[EventDate "2015.08.08"]

1. e4 e5 2. Nf3 Nc6 3. Bb5 a6 4. Ba4 Nge7 5. O-O g6 6. c3 Bg7 7. d4 exd4 8. cxd4
b5 9. Bb3 d6 10. Nc3 O-O 11. h3 Bb7 12. Bf4 Na5 13. Bc2 Nc4 14. Qc1 c5 15. Bh6
cxd4 16. Bxg7 Kxg7 17. Nxd4 Rc8 18. b3 Qa5 19. Nce2 Nd2 20. Rd1 Nxe4 21. Qe3
Rxc2 22. Nxc2 Nf5 23. Qd3 Rc8 24. Ne3 Nxe3 25. Qxe3 Rc2 26. f3 Rxe2 27. Qxe2
Qb6+ 28. Kh2 Nc3 29. Qe7 Nxd1 30. Rxd1 d5 31. Rc1 Qd4 32. Kg3 h5 33. h4 1-0

[Event "TCh-ESP Div 1 2015"]
[Site "Linares ESP"]
[Date "2015.08.12"]
[Round "5.4"]
[Board "3"]
[White "Quintin Navarro, Alberto"]
[Black "Garza Marco, Sergio"]
[Result "1/2-1/2"]
[WhiteTitle "FM"]
[BlackTitle "IM"]
[WhiteElo "2363"]
[BlackElo "2390"]
[WhiteTeam "C.A. Stadium Casablanca"]
[BlackTeam "C.A. Jaime Casas"]
[WhiteFideId "2292688"]
[BlackFideId "2210177"]
[EventDate "2015.08.08"]

1. Nf3 e6 2. c4 f5 3. g3 Nf6 4. Bg2 d5 5. O-O Bd6 6. Nc3 O-O 7. d4 c6 8. Qc2 Bd7
9. Rb1 Be8 10. Bf4 Bxf4 11. gxf4 Ne4 12. e3 Nd7 13. Ne5 Rf6 14. f3 Nd6 15. c5
Nf7 16. Rf2 Rh6 17. Nxd7 Bxd7 18. Bf1 Kh8 19. Rg2 Qf6 20. Qf2 Rg8 21. b4 g5 22.
Ne2 Be8 23. a4 a6 24. Ng3 Rh4 25. Ne2 h6 26. Kh1 Kh7 27. Rb2 Nh8 28. Qg3 g4 29.
Ng1 Bh5 30. b5 axb5 31. axb5 Ng6 32. bxc6 bxc6 33. fxg4 Rxg4 34. Qe1 Ne7 35. Qa5
Rxg2 36. Bxg2 Rg7 37. Bf1 Qh4 38. Rg2 Rxg2 39. Bxg2 Kg7 40. Qc7 Kf7 41. Qe5 Ng6
42. Qc7+ Ne7 43. Qe5 Ng6 44. Qc7+ Ne7 45. Qe5 1/2-1/2